00371nam a2200145Ia 4500008004100000020001800041041000800059082001800067100002200085245002900107250000600136260006100142300001400203650000800217210716s2010 xx 000 0 und d a9780070700475 aeng a005.2764 KANJ aKanjilal, Joydip. aASP.NET 4.0 programming. a1 aNew DelhibTata McGraw Hill Publishing Company Ltdc2010 axviii,382 aASP